[Event "World Rapid Women 2021"]
[Site "Warsaw POL"]
[Date "2021.12.26"]
[Round "3.5"]
[White "Shuvalova, Polina"]
[Black "Ovod, Evgenija"]
[Result "1-0"]
[WhiteTitle "IM"]
[BlackTitle "IM"]
[WhiteElo "2516"]
[BlackElo "2366"]
[WhiteFideId "24171760"]
[BlackFideId "4131827"]
[EventDate "2021.12.26"]

1. e4 e5 2. Nf3 Nc6 3. Bb5 Nf6 4. O-O Bc5 5. d3 d6 6. c3 O-O 7. h3 Bb6 8. Re1
Ne7 9. Nbd2 c6 10. Ba4 Ng6 11. Nf1 Nh5 12. d4 Nhf4 13. Bxf4 exf4 14. Qd3 f5 15.
e5 d5 16. Qd2 Be6 17. Re2 h6 18. N1h2 Qe7 19. Rd1 a5 20. Ne1 Nh4 21. Qxf4 g5 22.
Qd2 f4 23. Ng4 Bxg4 24. hxg4 f3 25. gxf3 Rxf3 26. Re3 Raf8 27. Nxf3 Rxf3 28. Qd3
Rf4 29. Qe2 Qe6 30. Bc2 Nf3+ 31. Rxf3 Qxg4+ 32. Kf1 Rxf3 33. e6 Bc7 34. Bf5
Rxf2+ 35. Kxf2 Qh4+ 36. Kg2 Qh2+ 37. Kf1 Qh1+ 38. Kf2 Qh4+ 39. Kg1 Qg3+ 40. Qg2
Qe3+ 41. Kh1 Kf8 42. Rf1 Ke7 43. Bg4 Bf4 44. Qf3 Qd2 45. Qe2 Qxe2 46. Bxe2 Kxe6
47. Bg4+ Kf6 48. Bc8 b6 49. Bb7 c5 50. Bxd5 cxd4 51. cxd4 h5 52. Kg2 Kf5 53. Bf7
h4 54. d5 g4 55. Be6+ Kg5 56. Bxg4 Kxg4 57. Rxf4+ 1-0

[Event "World Rapid Women 2021"]
[Site "Warsaw POL"]
[Date "2021.12.26"]
[Round "3.6"]
[White "Pavlidou, Ekaterini"]
[Black "Mammadova, Gulnar"]
[Result "1-0"]
[WhiteTitle "WIM"]
[BlackTitle "IM"]
[WhiteElo "2203"]
[BlackElo "2387"]
[WhiteFideId "4213262"]
[BlackFideId "13403508"]
[EventDate "2021.12.26"]

1. d4 g6 2. c4 Bg7 3. Nc3 d6 4. e4 e5 5. d5 a5 6. Bd3 Na6 7. Be3 h5 8. Nge2 Bh6
9. Qd2 Bxe3 10. Qxe3 Nc5 11. Bc2 Bd7 12. O-O Nh6 13. h3 Qe7 14. b3 g5 15. Ng3 g4
16. Nf5 Bxf5 17. exf5 Qf6 18. Nb5 Kd7 19. a3 Nxf5 20. Bxf5+ Qxf5 21. b4 Nd3 22.
h4 Nf4 23. bxa5 Rxa5 24. Rab1 Qd3 25. Rb3 Qxc4 26. Rfb1 Nxd5 27. Qd2 b6 28. g3
c6 29. Nc3 Qd4 30. Qc2 Nxc3 31. Qf5+ Ke8 32. Rxb6 Kf8 33. Rb8+ Kg7 34. Qg5+ Kh7
35. Qxh5+ Kg7 36. Qg5+ Kh7 37. Rxh8+ Kxh8 38. Qh6+ 1-0

[Event "World Rapid Women 2021"]
[Site "Warsaw POL"]
[Date "2021.12.26"]
[Round "3.7"]
[White "Paehtz, Elisabeth"]
[Black "Kamalidenova, Meruert"]
[Result "1-0"]
[WhiteTitle "IM"]
[BlackTitle "WIM"]
[WhiteElo "2507"]
[BlackElo "2351"]
[WhiteFideId "4641833"]
[BlackFideId "13712802"]
[EventDate "2021.12.26"]

1. d4 Nf6 2. Nf3 g6 3. Bg5 Bg7 4. Nbd2 d5 5. e3 O-O 6. c3 b6 7. Be2 c5 8. O-O
Nc6 9. Qa4 Bb7 10. Qa3 Nd7 11. Rfd1 h6 12. Bh4 Qc8 13. c4 e6 14. cxd5 exd5 15.
dxc5 Nxc5 16. Rac1 a5 17. Nb3 g5 18. Bg3 Rd8 19. Nxc5 Bf8 20. Nxb7 Bxa3 21. Nxd8
Qxd8 22. bxa3 Ne7 23. Nd4 Rc8 24. Ba6 Rc5 25. Nb3 Rxc1 26. Rxc1 Qd7 27. Nd4 Qa4
28. Bd6 Qd7 29. Bxe7 Qxe7 30. Rc8+ Kh7 31. Bd3+ 1-0

[Event "World Rapid Women 2021"]
[Site "Warsaw POL"]
[Date "2021.12.26"]
[Round "3.8"]
[White "Muzychuk, Mariya"]
[Black "Osmak, Yuliia"]
[Result "1-0"]
[WhiteTitle "GM"]
[BlackTitle "IM"]
[WhiteElo "2539"]
[BlackElo "2419"]
[WhiteFideId "14114550"]
[BlackFideId "14101602"]
[EventDate "2021.12.26"]

1. e4 c6 2. d4 d5 3. Nc3 dxe4 4. Nxe4 Bf5 5. Ng3 Bg6 6. h4 h6 7. Nf3 Nd7 8. h5
Bh7 9. Bd3 Bxd3 10. Qxd3 e6 11. Bd2 Ngf6 12. O-O-O Be7 13. Kb1 Qb6 14. Nh4 O-O-O
15. c4 Qa6 16. Bf4 Rhe8 17. Nf3 c5 18. d5 Bd6 19. Bxd6 Qxd6 20. Qc2 Nb6 21. dxe6
Qxe6 22. Nf5 Rxd1+ 23. Rxd1 Rd8 24. Rxd8+ Kxd8 25. Nxg7 Qg4 26. Nf5 Qxg2 27.
Qd3+ Nbd7 28. Nxh6 Qh1+ 29. Kc2 Qxh5 30. Nf5 Kc7 31. Qd6+ Kc8 32. Qf4 Qh7 33.
Kc3 Ne8 34. Ne7+ Kd8 35. Nd5 Qh8+ 36. Kb3 Qh7 37. Ng5 Qd3+ 38. Ka4 Nb6+ 39. Nxb6
axb6 40. Nxf7+ Ke7 41. Ne5 Qc2+ 42. Ka3 Nd6 43. Qe3 Kd8 44. Qb3 Qxb3+ 45. Kxb3
Ke7 46. f3 Ke6 47. Nd3 Nf5 48. Kc3 Nd4 49. b4 Kd6 50. f4 Nf5 51. a3 Ne3 52. Nf2
cxb4+ 53. axb4 Nf5 54. Ne4+ Ke6 55. Kd3 Ne7 56. Nc3 Kd6 57. Ke4 Ke6 58. Nd5 Nc8
59. f5+ Kd6 60. Nxb6 Ne7 61. Nd5 Nc6 62. c5+ Kd7 63. Kd3 Ne5+ 64. Kd4 Nc6+ 65.
Kc4 Kd8 66. Kb5 Kc8 67. Kb6 Ne5 68. f6 Nc4+ 69. Ka7 Ne5 70. b5 Nf7 71. Ne7+ Kc7
72. b6+ Kd7 73. c6+ bxc6 74. b7 1-0

[Event "World Rapid Women 2021"]
[Site "Warsaw POL"]
[Date "2021.12.26"]
[Round "3.9"]
[White "Kovanova, Baira"]
[Black "Stefanova, Antoaneta"]
[Result "1/2-1/2"]
[WhiteTitle "WGM"]
[BlackTitle "GM"]
[WhiteElo "2331"]
[BlackElo "2469"]
[WhiteFideId "4164083"]
[BlackFideId "2902257"]
[EventDate "2021.12.26"]

1. e4 c6 2. d3 d5 3. Nf3 dxe4 4. dxe4 Qxd1+ 5. Kxd1 g6 6. Ne5 Bg7 7. Nd3 b6 8.
Be3 c5 9. Nd2 Nc6 10. c3 f5 11. f3 Nf6 12. Be2 fxe4 13. Nxe4 Nxe4 14. fxe4 Bb7
15. Nf4 O-O-O+ 16. Kc2 Bh6 17. Bc4 Na5 18. Bd5 e5 19. Bxb7+ Nxb7 20. Nd5 Bxe3
21. Nxe3 Nd6 22. Rae1 Rhf8 23. Ng4 Nc4 24. Re2 h5 25. b3 hxg4 26. bxc4 Rf4 27.
Rhe1 Kc7 28. Rd2 Rxd2+ 29. Kxd2 Rf2+ 30. Re2 Rf1 31. Re1 Rf2+ 32. Re2 1/2-1/2

[Event "World Rapid Women 2021"]
[Site "Warsaw POL"]
[Date "2021.12.26"]
[Round "3.10"]
[White "Batsiashvili, Nino"]
[Black "Injac, Teodora"]
[Result "1/2-1/2"]
[WhiteTitle "GM"]
[BlackTitle "WGM"]
[WhiteElo "2491"]
[BlackElo "2407"]
[WhiteFideId "13602993"]
[BlackFideId "932400"]
[EventDate "2021.12.26"]

1. c4 e5 2. Nc3 Bb4 3. Nf3 Bxc3 4. bxc3 d6 5. d3 Nc6 6. g3 Nge7 7. Bg2 O-O 8.
O-O h6 9. e4 Be6 10. Rb1 Rb8 11. Ne1 Qd7 12. Nc2 f5 13. exf5 Bxf5 14. Ne3 Bh3
15. Bxh3 Qxh3 16. Qg4 Qxg4 17. Nxg4 b6 18. Ne3 Rf3 19. Kg2 Rbf8 20. Rb2 g5 21.
Rd1 Kh7 22. h3 R3f7 23. Rh1 Ng6 24. Nd5 Nd8 25. a4 Ne6 26. Be3 c6 27. Nb4 Ne7
28. a5 bxa5 29. Nc2 Nf5 30. d4 Nxe3+ 31. Nxe3 exd4 32. cxd4 Nxd4 33. Ra1 Nf5 34.
Nf1 d5 35. cxd5 cxd5 36. Rxa5 Rd7 37. Rbb5 Rfd8 38. Ra6 Rf7 39. Raa5 Rfd7 40.
Ra6 Rf7 41. Raa5 Rfd7 42. Ra6 Rf7 1/2-1/2

[Event "World Rapid Women 2021"]
[Site "Warsaw POL"]
[Date "2021.12.26"]
[Round "3.11"]
[White "Kashlinskaya, Alina"]
[Black "Vaishali, R"]
[Result "0-1"]
[WhiteTitle "IM"]
[BlackTitle "IM"]
[WhiteElo "2490"]
[BlackElo "2401"]
[WhiteFideId "4198026"]
[BlackFideId "5091756"]
[EventDate "2021.12.26"]

1. d4 Nf6 2. c4 g6 3. Nc3 d5 4. cxd5 Nxd5 5. Bd2 c5 6. dxc5 Bg7 7. Qc1 O-O 8. e4
Nb4 9. a3 Nd3+ 10. Bxd3 Qxd3 11. Nge2 Rd8 12. Bh6 Be6 13. Bxg7 Kxg7 14. Nf4 Qc4
15. Nxe6+ fxe6 16. Ne2 Qxe4 17. Qc3+ Kf7 18. f3 Qh4+ 19. Ng3 Na6 20. O-O Qd4+
21. Qxd4 Rxd4 22. Ne4 h6 23. Rfd1 Rd5 24. b4 Rad8 25. Rdc1 Nc7 26. a4 a6 27.
Rab1 Rd4 28. c6 b5 29. Nc5 bxa4 30. Nd7 Ra8 31. Rd1 Rxd1+ 32. Rxd1 a5 33. Ne5+
Ke8 34. Rd7 a3 35. Nxg6 Nd5 0-1

[Event "World Rapid Women 2021"]
[Site "Warsaw POL"]
[Date "2021.12.26"]
[Round "3.12"]
[White "Bivol, Alina"]
[Black "Padmini, Rout"]
[Result "1-0"]
[WhiteTitle "IM"]
[BlackTitle "IM"]
[WhiteElo "2368"]
[BlackElo "2345"]
[WhiteFideId "4100123"]
[BlackFideId "5029295"]
[EventDate "2021.12.26"]

1. e4 e5 2. Nf3 Nc6 3. Bb5 a6 4. Ba4 Nf6 5. O-O d6 6. Re1 Bd7 7. c3 g6 8. d4 b5
9. Bb3 Bg7 10. dxe5 dxe5 11. Bd5 O-O 12. Nbd2 Nxd5 13. exd5 Ne7 14. Nxe5 Nxd5
15. Nb3 Nb6 16. Nxd7 Nxd7 17. Bf4 Rc8 18. Qd2 Nb6 19. Qc2 Na4 20. Rad1 Qh4 21.
Bg3 Qh5 22. Na5 c5 23. Nb7 c4 24. h3 Rfe8 25. Nd6 Rxe1+ 26. Rxe1 Rd8 27. Nxc4
Qd5 28. Na5 Qxa2 29. Nc6 Rf8 30. Bd6 Bxc3 31. Bxf8 Bxe1 32. Bh6 Qe6 33. Ne7+ Kh8
34. Qc7 Bxf2+ 35. Kxf2 Qb6+ 36. Qxb6 Nxb6 37. Be3 Nd7 38. Bd4+ f6 39. Nd5 Kg7
40. Nc7 Kf7 41. Nxa6 h5 42. b4 g5 43. Nc7 Nb8 44. Nxb5 Nc6 45. Bc5 Ke6 46. Nd4+
Kd5 1-0

[Event "World Rapid Women 2021"]
[Site "Warsaw POL"]
[Date "2021.12.26"]
[Round "3.13"]
[White "Zhukova, Natalia"]
[Black "Efroimski, Marsel"]
[Result "0-1"]
[WhiteTitle "GM"]
[BlackTitle "IM"]
[WhiteElo "2335"]
[BlackElo "2429"]
[WhiteFideId "14101513"]
[BlackFideId "2810964"]
[EventDate "2021.12.26"]

1. c4 b6 2. Nc3 Bb7 3. e4 e5 4. Nf3 Nc6 5. d4 exd4 6. Nxd4 Bb4 7. Nf5 Bxc3+ 8.
bxc3 Qf6 9. Be2 Nge7 10. Ne3 Qxc3+ 11. Bd2 Qd4 12. O-O O-O 13. Nd5 Nxd5 14. cxd5
Ne7 15. Qc2 Qc5 16. Qb2 a5 17. Bf4 Ng6 18. Rfc1 Qe7 19. Bxc7 Qxe4 20. Bf3 Qb4
21. Qxb4 axb4 22. g3 Rfc8 23. Bd6 f6 24. Bxb4 Kf7 25. Bd6 Ne5 26. Be4 Nc4 27.
Bf4 g6 28. g4 Ne5 29. h3 d6 30. Rab1 Nd7 31. Bxd6 Rxa2 32. Rxc8 Bxc8 33. Rc1 Nc5
34. Bxc5 bxc5 35. Rxc5 Bd7 36. Rc7 Ke7 37. Rb7 Kd6 38. Kg2 Ra4 39. Bc2 Rd4 40.
Bb3 h5 41. f3 h4 42. Kf2 Rd2+ 43. Ke3 Rb2 44. Rb6+ Kc5 45. Rxf6 Rxb3+ 46. Kf4
Kxd5 47. Kg5 Bc6 48. Kxh4 Kc5 49. f4 Bg2 50. Kg5 Rxh3 51. Kxg6 Kd5 52. Rf8 Bf3
53. g5 Be4+ 54. f5 Rf3 55. Rd8+ Ke5 56. Re8+ Kf4 57. Rxe4+ Kxe4 58. f6 Ke5 59.
Kh7 Ke6 60. Kg8 Ke5 0-1

[Event "World Rapid Women 2021"]
[Site "Warsaw POL"]
[Date "2021.12.26"]
[Round "3.14"]
[White "Michna, Marta"]
[Black "Serikbay, Assel"]
[Result "0-1"]
[WhiteTitle "WGM"]
[BlackTitle "WIM"]
[WhiteElo "2314"]
[BlackElo "2263"]
[WhiteFideId "1106686"]
[BlackFideId "13706799"]
[EventDate "2021.12.26"]

1. d4 d5 2. Bf4 Nf6 3. e3 c5 4. c3 Nc6 5. Nd2 Bf5 6. Qb3 Qc8 7. Ngf3 e6 8. h3 c4
9. Qd1 h6 10. Be2 b5 11. O-O Be7 12. Ne5 O-O 13. Re1 a5 14. Ng4 b4 15. Nxf6+
Bxf6 16. Bg4 e5 17. Bg3 Bxg4 18. hxg4 Re8 19. a3 bxc3 20. bxc3 a4 21. Rb1 exd4
22. exd4 Rxe1+ 23. Qxe1 Qxg4 24. Nf3 Qd7 25. Qc1 Na5 26. Be5 Be7 27. Rb6 f6 28.
Qf4 fxe5 29. Nxe5 Bd6 30. Rxd6 Qxd6 31. Qf7+ Kh8 32. Ng6+ Kh7 33. Ne7 Qf6 34.
Qxd5 Re8 35. Nf5 Nb3 36. Ne3 Nd2 37. Qd7 Rf8 38. f3 Nxf3+ 39. gxf3 Qxf3 40. Ng2
Rf5 41. Qxa4 Qf2+ 0-1

[Event "World Rapid Women 2021"]
[Site "Warsaw POL"]
[Date "2021.12.26"]
[Round "3.15"]
[White "Bartel, Marta"]
[Black "Pourkashiyan, Atousa"]
[Result "0-1"]
[WhiteTitle "WGM"]
[BlackTitle "WGM"]
[WhiteElo "2192"]
[BlackElo "2322"]
[WhiteFideId "1123009"]
[BlackFideId "12502014"]
[EventDate "2021.12.26"]

1. d4 Nf6 2. c4 e6 3. Nf3 d5 4. Nc3 Nbd7 5. Bg5 Be7 6. e3 O-O 7. c5 Ne4 8. Bxe7
Qxe7 9. Qc2 f5 10. Bd3 c6 11. h4 e5 12. Nxe5 Nxe5 13. dxe5 Qxe5 14. Ne2 Qe7 15.
Bxe4 fxe4 16. Nf4 Bg4 17. Qc3 Rf6 18. Qd4 Rh6 19. Kd2 Rxh4 20. g3 Rxh1 21. Rxh1
Bf3 22. Rg1 Re8 23. g4 Qh4 24. Rg3 Bxg4 25. Kc3 h5 26. Ng6 Qg5 27. Nf4 Qf5 28.
Rg1 g5 29. Rxg4 hxg4 30. Nh5 Re5 31. Ng3 Qe6 32. Qd1 b6 33. b4 bxc5 34. bxc5 Qc8
35. Qa4 Re7 36. Nh5 Rf7 37. Qd4 Qf5 38. Qb4 Qxf2 39. Kd4 Kh7 0-1

[Event "World Rapid Women 2021"]
[Site "Warsaw POL"]
[Date "2021.12.26"]
[Round "3.16"]
[White "Badelka, Olga"]
[Black "Nurgali, Nazerke"]
[Result "1-0"]
[WhiteTitle "IM"]
[BlackTitle "WIM"]
[WhiteElo "2453"]
[BlackElo "2260"]
[WhiteFideId "13509926"]
[BlackFideId "13711261"]
[EventDate "2021.12.26"]

1. Nf3 d5 2. g3 Nf6 3. Bg2 c5 4. O-O Nc6 5. d4 e6 6. a3 cxd4 7. Nxd4 Bc5 8. Nxc6
bxc6 9. b4 Be7 10. c4 O-O 11. Nc3 Bb7 12. Rb1 Qc7 13. Qb3 Rfd8 14. Bf4 e5 15.
Bg5 d4 16. Na4 Rab8 17. Bxf6 Bxf6 18. Nc5 Bc8 19. Qf3 Rb6 20. e3 Be7 21. exd4
exd4 22. Rbd1 Bxc5 23. bxc5 Ra6 24. Qe4 Be6 25. Rxd4 Rxd4 26. Qxd4 Rxa3 27. Bxc6
Ra5 28. Qd6 Qxd6 29. cxd6 Rc5 30. d7 Bxd7 31. Bxd7 Rxc4 32. Rb1 Kf8 33. Rb8+ Ke7
34. Rb7 Rc1+ 35. Kg2 a5 36. Bf5+ Kf8 37. Ra7 Rc5 38. Bb1 h5 39. Ba2 Rf5 40. h3
g5 41. g4 hxg4 42. hxg4 Rf4 43. Kg3 f6 44. Rxa5 Ke7 45. Ra7+ Kd6 46. Bb1 Rb4 47.
Bf5 Kd5 1-0

[Event "World Rapid Women 2021"]
[Site "Warsaw POL"]
[Date "2021.12.26"]
[Round "3.17"]
[White "Beydullayeva, Govhar"]
[Black "Bodnaruk, Anastasia"]
[Result "0-1"]
[WhiteTitle "WIM"]
[BlackTitle "IM"]
[WhiteElo "2290"]
[BlackElo "2396"]
[WhiteFideId "13413015"]
[BlackFideId "4181751"]
[EventDate "2021.12.26"]

1. Nf3 Nf6 2. c4 g6 3. d4 Bg7 4. g3 O-O 5. Bg2 d6 6. Nc3 Nc6 7. O-O a6 8. b3 Rb8
9. d5 Na5 10. Bg5 c5 11. dxc6 Nxc6 12. Rc1 h6 13. Be3 Ng4 14. Bd2 e5 15. h3 Nf6
16. Be3 Be6 17. Qd2 g5 18. Rfd1 Qc8 19. g4 Rd8 20. Nd5 Ne4 21. Qc2 f5 22. Nh2
Bxd5 23. cxd5 Nd4 24. Bxd4 Qxc2 25. Rxc2 exd4 26. gxf5 Nc3 27. Rd3 Rf8 28. Nf3
Nxd5 29. a3 Nf4 30. Rd1 d3 31. exd3 Rxf5 32. Ne1 d5 33. Rdc1 Rbf8 34. Bf1 Ne6
35. f3 Nd4 36. Rc8 Nxb3 37. Rxf8+ Bxf8 38. Rb1 Nd4 39. Rxb7 Re5 40. Rb1 Bxa3 41.
Kf2 a5 42. Ng2 Bc5 43. Kg3 a4 44. f4 Re8 45. h4 a3 46. Ne1 a2 47. Ra1 Bb4 48.
Nf3 gxf4+ 49. Kxf4 Rf8+ 50. Ke5 Nxf3+ 51. Kxd5 Nd2 52. Bh3 Ra8 53. Be6+ Kg7 54.
Kc6 Ra6+ 55. Kb5 Rxe6 56. Rxa2 Bc3 57. Rc2 Nb1 58. h5 Na3+ 0-1

[Event "World Rapid Women 2021"]
[Site "Warsaw POL"]
[Date "2021.12.26"]
[Round "3.19"]
[White "Muzychuk, Anna"]
[Black "Lach, Aleksandra"]
[Result "1-0"]
[WhiteTitle "GM"]
[BlackTitle "WIM"]
[WhiteElo "2531"]
[BlackElo "2198"]
[WhiteFideId "14111330"]
[BlackFideId "1134299"]
[EventDate "2021.12.26"]

1. e4 c5 2. Nf3 g6 3. c3 Bg7 4. d4 cxd4 5. cxd4 d5 6. e5 Bg4 7. Bb5+ Nd7 8. O-O
e6 9. Nbd2 a6 10. Be2 Ne7 11. h3 Bxf3 12. Nxf3 Nc6 13. Bg5 Qb6 14. Qd2 O-O 15.
Rad1 f6 16. exf6 Nxf6 17. Bh6 Ne4 18. Qe3 Rae8 19. Bxg7 Kxg7 20. Bd3 Nd6 21.
Rfe1 Rf6 22. b3 Re7 23. Bb1 Nb5 24. Ne5 Qd8 25. Ng4 Rff7 26. h4 Kh8 27. a4 Nd6
28. Qg5 Rg7 29. Qf4 Nf5 30. Bxf5 gxf5 31. Ne5 Nxe5 32. Qxe5 Qe8 33. Rc1 h6 34.
g3 Kh7 35. Rc3 Qf8 36. Qd6 Qf6 37. Qe5 Qxh4 38. Rf3 Qg5 39. Rf4 Rc7 40. Kg2 Rc2
41. Re3 Rc1 42. Kh2 Qh5+ 43. Rh4 Qd1 44. Rxh6+ Kxh6 45. Qf6+ Rg6 46. Qh8+ Kg5
47. Qh4# 1-0

[Event "World Rapid Women 2021"]
[Site "Warsaw POL"]
[Date "2021.12.26"]
[Round "3.20"]
[White "Mamedjarova, Zeinab"]
[Black "Koneru, Humpy"]
[Result "0-1"]
[WhiteTitle "WGM"]
[BlackTitle "GM"]
[WhiteElo "2249"]
[BlackElo "2586"]
[WhiteFideId "13401521"]
[BlackFideId "5008123"]
[EventDate "2021.12.26"]

1. Nf3 Nf6 2. g3 d5 3. Bg2 c5 4. O-O Nc6 5. d3 e5 6. e4 d4 7. Nbd2 Bd6 8. Nc4
Bc7 9. c3 O-O 10. cxd4 cxd4 11. b3 b5 12. Ncd2 Be6 13. Ba3 Bd6 14. Rc1 Rc8 15.
Bxd6 Qxd6 16. Qe2 h6 17. Rfd1 Rc7 18. h3 Rfc8 19. Ne1 Nd7 20. Nb1 a5 21. Qd2 Qb4
22. Qb2 Qd6 23. Bf1 Na7 24. Rxc7 Qxc7 25. Qd2 b4 26. f4 f6 27. Qf2 Nb5 28. Nd2
Nc3 29. Ra1 a4 30. g4 exf4 31. Qxd4 Qc5 32. Nc2 Nxa2 33. Rxa2 axb3 34. Nxb3 Bxb3
35. Ra7 Bxc2 36. Rxd7 Qxd4+ 37. Rxd4 Rb8 38. Rd7 b3 0-1

[Event "World Rapid Women 2021"]
[Site "Warsaw POL"]
[Date "2021.12.26"]
[Round "3.21"]
[White "Atalik, Ekaterina"]
[Black "Paramzina, Anastasya"]
[Result "1-0"]
[WhiteTitle "IM"]
[BlackTitle "WGM"]
[WhiteElo "2420"]
[BlackElo "2260"]
[WhiteFideId "4130189"]
[BlackFideId "4165012"]
[EventDate "2021.12.26"]

1. Nf3 Nf6 2. e3 g6 3. b3 Bg7 4. Bb2 d6 5. d4 O-O 6. Be2 Nfd7 7. O-O Nc6 8. c4
e5 9. Nc3 h6 10. Qd2 g5 11. dxe5 dxe5 12. Rad1 Ne7 13. Ba3 Re8 14. Bd3 f5 15.
Bxe7 Rxe7 16. Bxf5 c6 17. Ne4 Qf8 18. Nd6 Nb6 19. e4 Be6 20. Bxe6+ Rxe6 21. Nf5
Bf6 22. Qc3 h5 23. c5 Nc8 24. Qc4 Qe8 25. Nd6 Qe7 26. Nxb7 g4 27. Ne1 Kh7 28.
Nd8 Rd6 29. cxd6 Qxd8 30. Qf7+ Bg7 31. Qxh5+ Kg8 32. Qxg4 Nb6 33. Qe6+ Kf8 34.
Rd3 Nd7 35. Rf3+ Nf6 36. Nd3 1-0

[Event "World Rapid Women 2021"]
[Site "Warsaw POL"]
[Date "2021.12.26"]
[Round "3.22"]
[White "Strutinskaia, Galina"]
[Black "Assaubayeva, Bibisara"]
[Result "1/2-1/2"]
[WhiteTitle "WGM"]
[BlackTitle "IM"]
[WhiteElo "2142"]
[BlackElo "2434"]
[WhiteFideId "4108558"]
[BlackFideId "13708694"]
[EventDate "2021.12.26"]

1. d4 Nf6 2. Nf3 g6 3. Nbd2 d5 4. c3 Bg7 5. b4 O-O 6. e3 Nbd7 7. Be2 c6 8. a4
Qc7 9. Bb2 e5 10. dxe5 Nxe5 11. c4 Nxf3+ 12. Nxf3 Qe7 13. O-O dxc4 14. b5 cxb5
15. axb5 Rd8 16. Qa4 Bf5 17. Bxc4 a5 18. bxa6 bxa6 19. Rac1 Ne4 20. Bxg7 Kxg7
21. Nd4 Bd7 22. Qa1 Kg8 23. Bd5 Ra7 24. Rfd1 Re8 25. Nc6 Bxc6 26. Bxc6 Rf8 27.
Qd4 Nf6 28. h3 Rc7 29. Bf3 Rfc8 30. Rxc7 Rxc7 31. Qb6 Ra7 32. Ra1 h5 33. Rxa6
Rxa6 34. Qxa6 Qe5 35. g3 Qf5 36. Kg2 Kg7 37. Qa1 Kh7 38. Qd4 Qe6 39. Qd3 Qe5 40.
Qc4 Kg7 41. Qd4 Qe6 42. Qc5 Nd7 43. Qd5 Qe7 44. Qd4+ Nf6 45. Qc3 Kh7 46. Qd4 Qe6
47. Qd3 Kg7 1/2-1/2

[Event "World Rapid Women 2021"]
[Site "Warsaw POL"]
[Date "2021.12.26"]
[Round "3.23"]
[White "Heredia Serrano, Carla"]
[Black "Berend, Elvira"]
[Result "0-1"]
[WhiteTitle "WGM"]
[BlackTitle "WGM"]
[WhiteElo "2121"]
[BlackElo "2329"]
[WhiteFideId "3603687"]
[BlackFideId "4000510"]
[EventDate "2021.12.26"]

1. e4 e5 2. Nf3 Nc6 3. d4 exd4 4. Nxd4 Bb4+ 5. c3 Bc5 6. Be3 Bb6 7. Nf5 d5 8.
Nxg7+ Kf8 9. Bxb6 axb6 10. Nh5 Qh4 11. Ng3 dxe4 12. Be2 Nf6 13. O-O Be6 14. Nd2
Qf4 15. Qc2 h5 16. Ndxe4 h4 17. Nxf6 Qxf6 18. Ne4 Qg6 19. Kh1 Rg8 20. Rg1 Rxa2
21. Rxa2 Bxa2 22. c4 Nd4 23. Qd3 Nxe2 24. Qxe2 Bb1 25. Nc3 Bd3 26. Qf3 Bxc4 27.
Qxb7 h3 28. Qc8+ Kg7 29. Qxh3 c5 30. Nd1 Be6 31. Qf3 Rd8 32. Ne3 Rd2 33. h4 Rxb2
34. g4 Rb4 35. Rg3 Qe4 36. Nf5+ Bxf5 37. gxf5+ Kf6 38. Qxe4 Rxe4 39. Rh3 Kxf5
40. h5 Re8 41. Rf3+ Ke6 42. Rb3 Rb8 43. Kg2 Kf6 44. Rg3 b5 45. h6 Rh8 46. Rd3
Rxh6 47. Rd5 Rg6+ 48. Kf3 Rg5 49. Rd6+ Ke7 50. Rb6 c4 51. Ke4 c3 52. Rc6 b4 53.
Kd3 Rb5 54. Kc4 b3 55. Kxb5 b2 56. Rxc3 b1=Q+ 57. Kc6 Qe4+ 58. Kc5 Qf5+ 59. Kd4
Qxf2+ 60. Re3+ Kd6 61. Kd3 f5 62. Re2 Qf1 63. Ke3 f4+ 64. Kd2 f3 65. Re1 Qf2+
66. Kd1 Qd4+ 67. Kc2 f2 0-1

[Event "World Rapid Women 2021"]
[Site "Warsaw POL"]
[Date "2021.12.26"]
[Round "3.25"]
[White "Gaboyan, Susanna"]
[Black "Garifullina, Leya"]
[Result "0-1"]
[WhiteTitle "WIM"]
[BlackTitle "WGM"]
[WhiteElo "2254"]
[BlackElo "2414"]
[WhiteFideId "13303627"]
[BlackFideId "34127035"]
[EventDate "2021.12.26"]

1. Nf3 d5 2. g3 Nf6 3. Bg2 e6 4. O-O Be7 5. d3 O-O 6. Nbd2 c5 7. e4 Nc6 8. Qe2
Qc7 9. c3 b6 10. e5 Nd7 11. d4 a5 12. Rd1 Ba6 13. Qe3 cxd4 14. cxd4 Nb4 15. Qc3
Qxc3 16. bxc3 Nc2 17. Rb1 Be2 18. Bb2 Bxd1 19. Rxd1 Ba3 20. Rb1 Rac8 21. Bxa3
Nxa3 22. Rb3 Nc4 23. Bf1 f6 24. Nxc4 dxc4 25. Rb5 fxe5 26. Nxe5 Nxe5 27. Rxe5
Rf3 28. Bh3 Kf8 29. Bxe6 Re8 30. d5 g6 31. Re4 Rxc3 32. Rf4+ Ke7 33. Rf7+ Kd6
34. Rd7+ Ke5 35. a4 Rf3 36. Bg4 Rd3 37. d6 Rxd6 38. f4+ Kd5 39. Bf3+ Kc5 40.
Rc7+ Kb4 41. Kg2 c3 0-1

[Event "World Rapid Women 2021"]
[Site "Warsaw POL"]
[Date "2021.12.26"]
[Round "3.26"]
[White "Yakimova, Mariya"]
[Black "Socko, Monika"]
[Result "0-1"]
[WhiteTitle "WFM"]
[BlackTitle "GM"]
[WhiteElo "2198"]
[BlackElo "2393"]
[WhiteFideId "34188859"]
[BlackFideId "1106619"]
[EventDate "2021.12.26"]

1. d4 e6 2. c4 b6 3. a3 Bb7 4. Nc3 f5 5. Nf3 Nf6 6. g3 Be7 7. Bg2 O-O 8. O-O d6
9. Qc2 Ne4 10. Rd1 Nxc3 11. Qxc3 Nd7 12. Ng5 Bxg5 13. Bxb7 Rb8 14. Bg2 Bxc1 15.
Raxc1 Qe7 16. e3 Nf6 17. Qc2 Rbd8 18. b4 Kh8 19. d5 e5 20. Qxf5 Nxd5 21. Qc2 Nf6
22. h3 e4 23. Rd4 c5 24. Rd2 cxb4 25. axb4 Rc8 26. Qd1 Rfd8 27. Rd4 a5 28. bxa5
bxa5 29. Ra1 Rc5 30. Qb1 Qc7 31. Bxe4 Rxc4 32. Rxc4 Qxc4 33. Bg2 Qc3 34. Qa2 Rb8
35. Kh2 Rb5 36. Qa4 Rf5 37. Ra2 h6 38. Rc2 Qe1 39. Qa2 Rc5 40. Rd2 Rc1 41. g4
Qg1+ 42. Kg3 Ne4+ 43. Kf3 Nxd2+ 44. Qxd2 Qd1+ 0-1

[Event "World Rapid Women 2021"]
[Site "Warsaw POL"]
[Date "2021.12.26"]
[Round "3.27"]
[White "Kucharska, Honorata"]
[Black "Nomin-Erdene, Davaademberel"]
[Result "0-1"]
[WhiteTitle "WFM"]
[BlackTitle "IM"]
[WhiteElo "2146"]
[BlackElo "2391"]
[WhiteFideId "1163868"]
[BlackFideId "4900782"]
[EventDate "2021.12.26"]

1. d4 Nf6 2. c4 e6 3. Nc3 d5 4. cxd5 exd5 5. Bg5 c6 6. e3 Be7 7. Bd3 Nbd7 8. Qc2
O-O 9. Nge2 Re8 10. O-O Nf8 11. Ng3 g6 12. Rfe1 Ne6 13. Bxf6 Bxf6 14. b4 Bg7 15.
Rab1 h5 16. b5 c5 17. dxc5 Nxc5 18. Rbd1 h4 19. Nge2 h3 20. Ng3 Be6 21. Nce2 Rc8
22. Qd2 hxg2 23. Nf4 Na4 24. Qb4 Nb2 25. Rc1 Qh4 26. Rxc8 Rxc8 27. Qd6 Nxd3 28.
Nxd3 Qc4 29. Nf4 Qc3 30. Re2 Bf8 0-1